000 00940nam a2200205 i 4500
001 35078
003 ES-MaACL
005 20250811063134.0
007 t|
008 030212s1978 sp ||||1| spa d
100 1 _aBorbón y Battenberg, Juan de,
_cConde de Barcelona,
_d1913-1993
_930362
245 1 0 _aMi vida marinera :
_bconferencia /
_cpronunciada por... el conde de Barcelona, en el Centro Cultural de la Villa de Madrid, el día 19 de enero de 1978, organizada por la Asociación de Escritores y Artistas Españoles.
260 _aMadrid :
_bAsociación de Escritores y Artistas Españoles,
_c1978.
300 _a19 p. ;
_c21 cm.
600 1 4 _aBorbón y Battenberg, Juan de,
_cConde de Barcelona,
_d1913-1993
_930362
710 2 _aAsociación de Escritores y Artistas Españoles.
_91585
710 2 _aFernán Gomez. Centro Cultural de la Villa (Madrid)
_9161980
852 _aES-MaACL
_j2138-F-18
999 _c35078
_d35078